Concrete bridge deck durability. (Record no. 529299)

000 -LEADER
fixed length control field 01079cam a2200313 4500
001 - CONTROL NUMBER
control field 3159585
003 - CONTROL NUMBER IDENTIFIER
control field NUST
005 - DATE AND TIME OF LATEST TRANSACTION
control field 20190924103216.0
008 - FIXED-LENGTH DATA ELEMENTS--GENERAL INFORMATION
fixed length control field 711201s1970 dcua b 000 0 eng
010 ## - LIBRARY OF CONGRESS CONTROL NUMBER
LC control number 74607396
020 ## - INTERNATIONAL STANDARD BOOK NUMBER
International Standard Book Number 0309018889
038 ## - RECORD CONTENT LICENSOR
Staff Name MSOHAIL
040 ## - CATALOGING SOURCE
Original cataloging agency DLC
Transcribing agency DLC
Modifying agency DLC
050 00 - LIBRARY OF CONGRESS CALL NUMBER
Classification number TG335
Item number .R55
082 00 - DEWEY DECIMAL CLASSIFICATION NUMBER
Classification number 624.253
Author Mark CON
100 1# - MAIN ENTRY--PERSONAL NAME
Personal name Riley, Orrin.
9 (RLIN) 21140
245 10 - TITLE STATEMENT
Title Concrete bridge deck durability.
260 ## - PUBLICATION, DISTRIBUTION, ETC.
Place of publication, distribution, etc. [Washington]
Name of publisher, distributor, etc. Highway Research Board, National Research Council,
Date of publication, distribution, etc. 1970.
300 ## - PHYSICAL DESCRIPTION
Extent 28 p.
Other physical details illus.
Dimensions 28 cm.
350 ## - PRICE (NR) (BK AM CF MU VM SE) [OBSOLETE]
Price $2.20
440 #0 - SERIES STATEMENT/ADDED ENTRY--TITLE
Title Synthesis of highway practice ;
Volume/sequential designation 4
9 (RLIN) 21141
500 ## - GENERAL NOTE
General note "Project 20-5 FY '68."
500 ## - GENERAL NOTE
General note "Research sponsored by the American Association of State Highway Officials in cooperation with the Bureau of Public Roads."
504 ## - BIBLIOGRAPHY, ETC. NOTE
Bibliography, etc. note Includes bibliographical references.
650 #0 - SUBJECT ADDED ENTRY--TOPICAL TERM
Topical term or geographic name entry element Concrete bridges
General subdivision Floors.
9 (RLIN) 21142
710 2# - ADDED ENTRY--CORPORATE NAME
Corporate name or jurisdiction name as entry element National Research Council (U.S.).
Subordinate unit Highway Research Board.
9 (RLIN) 20721
906 ## - LOCAL DATA ELEMENT F, LDF (RLIN)
a 7
b cbc
c orignew
d 2
e ncip
f 19
g y-gencatlg
942 ## - ADDED ENTRY ELEMENTS (KOHA)
Source of classification or shelving scheme
Koha item type Book
Holdings
Withdrawn status Lost status Source of classification or shelving scheme Damaged status Not for loan Permanent Location Current Location Date acquired Total Checkouts Full call number Barcode Date last seen Price effective from Koha item type
          School of Civil and Environmental Engineering (SCEE) School of Civil and Environmental Engineering (SCEE) 09/24/2019   624.253 CON NIT-10816 09/24/2019 09/24/2019 Book
© 2023 Central Library, National University of Sciences and Technology. All Rights Reserved.